Name The Musicians Pictured (Rough Trade Records 70's & 80's) - Statistics

General Stats
  • This quiz has been taken 48 times
  • The average score is 4 of 16
Answer Stats
Picture Answer % Correct
Smiths
95%
Robert Wyatt
42%
The Fall
40%
Stiff Little Fingers
35%
Aztec Camera
30%
Ivor Cutler
28%
Young Marble Giants
21%
Sandie Shaw
19%
Go Betweens
16%
Galaxie 500
14%
Kleenex
12%
Delta 5
9%
Microdisney
9%
Monochrome Set
9%
Woodentops
7%
Scritti Politti
5%
No matching quizzes found
Score Distribution
Percent of People with Each Score
Percentile by Number Answered
Your Score History
You have not taken this quiz